Statistics for Poetry: The Road Not Taken

Click here to take the quiz!

General Stats

  • This quiz has been taken 32 times
  • The average score is 13 of 20

Answer Stats

Answer % Correct
And looked down one as far as I {could}
89%
And that has made all the {difference}.
85%
I took the one {less} traveled by,
85%
Two roads diverged in a {wood}, and I —
85%
Oh, I kept the first for another {day}!
81%
Two roads diverged in a {yellow} wood,
74%
And be {one} traveler, long I stood
70%
Yet knowing how {way} leads on to way,
70%
Then took the {other}, just as fair,
67%
Had {worn} them really about the same,
59%
I shall be telling this with a {sigh}
59%
Somewhere {ages} and ages hence:
59%
To where it bent in the under{growth};
59%
Though as for that the passing {there}
56%
And {sorry} I could not travel both
56%
I {doubted} if I should ever come back.
56%
In leaves no step had trodden {black}.
52%
And having perhaps the better {claim},
48%
And both that {morning} equally lay
48%
Because it was {grassy} and wanted wear;
37%

Score Distribution

Percentile by Number Answered

Percent of People with Each Score

Your Score History

You have not taken this quiz